Mrs. Claus takes a vacation / Linas Alsenas.
Available copies
- 1 of 1 copy available at LARL/NWRL Consortium.
Current holds
0 current holds with 1 total copy.
Show Only Available Copies
| Location | Call Number / Copy Notes | Barcode | Shelving Location | Status | Due Date |
|---|---|---|---|---|---|
| Roseau Public Library | e ALS (Text) | 35500005275589 | Main | Available | - |
Record details
- ISBN: 0439779782
- ISBN: 9780439779784
- Physical Description: 1 v. (unpaged) : col. ill. ; 27 cm.
- Edition: 1st ed.
- Publisher: New York : Scholastic Press, 2006.
Content descriptions
| Summary, etc.: | Tired of all the snow at the North Pole, Mrs. ... Read More |
Search for related items by subject
| Subject: | Travel > Juvenile fiction. Santa Claus > Juvenile fiction. Christmas stories. |
| LDR | 00993pam a2200289 a 4500 | ||
|---|---|---|---|
| 001 | 161790 | ||
| 003 | LARL_NWRL_CONSORTIUM | ||
| 005 | 20061128080348.0 | ||
| 008 | 051121s2006 nyua b 000 1 eng | ||
| 010 | . | ‡a2005034082 | |
| 020 | . | ‡a0439779782 | |
| 020 | . | ‡a9780439779784 | |
| 040 | . | ‡aDLC ‡cDLC ‡dIG# ‡dBAKER ‡dGZD | |
| 042 | . | ‡alcac | |
| 049 | . | ‡aNRG | |
| 082 | 0 | 0. | ‡a[E] ‡222 |
| 100 | 1 | . | ‡aAlsenas, Linas. ‡0(LARL_NWRL_CONSORTIUM)194961 |
| 245 | 1 | 0. | ‡aMrs. Claus takes a vacation / ‡cLinas Alsenas. |
| 250 | . | ‡a1st ed. | |
| 260 | . | ‡aNew York : ‡bScholastic Press, ‡c2006. | |
| 300 | . | ‡a1 v. (unpaged) : ‡bcol. ill. ; ‡c27 cm. | |
| 520 | . | ‡aTired of all the snow at the North Pole, Mrs. Claus takes a world tour before Christmas one year. | |
| 650 | 0. | ‡aTravel ‡vJuvenile fiction. | |
| 650 | 0. | ‡aSanta Claus ‡vJuvenile fiction. ‡0(LARL_NWRL_CONSORTIUM)167194 | |
| 650 | 0. | ‡aChristmas stories. ‡0(LARL_NWRL_CONSORTIUM)16743 | |
| 901 | . | ‡a161790 ‡bISxN ‡c161790 ‡tbiblio | |

Add to basket
Permalink
Disable Highlighting